Štvrtá výskumná sezóna v Bošáci-Zemianskom Podhradí

Podrobná bibliografia
Hlavní autori: Veliačik, Ladislav, 1943- (Autor), Romsauer, Peter, 1947- (Autor)
Médium: Článok
Jazyk:slovenčina
Fyzický popis:Res. nem.
Predmet:

MARC

LEADER 00000nab a2200000 a 4500
001 vtls000487553
003 SK-MaSNL
005 20260304174937.0
008 230120c1992 xo 0 slo
015 |a SNBRA19rr/mm-uuuuu 
035 |a CL0487690 
035 |a urn:nbn:sk:snk-abby6 
035 |a (urnnbn)urn:nbn:sk:snk:ar-a04cyk 
035 |a (uuid)53fbff53-00ea-459a-9bf1-bc45ddbba258 
040 |a SNKBUCL  |b slo  |c SNKBUCL  |e AACR2 
041 0 |a slo 
044 |a xo  |c SK 
080 |a 903.4"637":902  |2 1981 
080 |a 902  |2 1981 
100 1 |a Veliačik, Ladislav,  |d 1943-  |4 aut  |9 112819 
245 1 0 |a Štvrtá výskumná sezóna v Bošáci-Zemianskom Podhradí  |c Ladislav Veliačik, Peter Romsauer 
300 |b Res. nem. 
650 0 7 |a hradiská  |2 snkbucl  |9 93536 
650 0 7 |a doba bronzová  |2 snkbucl  |9 79087 
650 0 7 |a archeologické nálezy  |2 snkbucl  |9 4975 
651 7 |a Bošáca (Slovensko)  |2 snkbucl  |9 15972 
655 7 |a články zo zborníkov  |2 snkbucl  |9 166140 
700 1 |a Romsauer, Peter,  |d 1947-  |4 aut  |9 258640 
773 0 |t Archeologické výskumy a nálezy na Slovensku v roku 1990  |d Nitra : AÚ SAV v Nitre, 1992  |g S. 101 
850 |a Slovenská národná knižnica v Martine  |a MTA001 
852 |a SNK  |b KIS3GCP 
954 |a odborná, vedecká literatúra pôvodná (slovenská)  |2 lita 
957 |a 5210 
958 |a RK 
958 |a OND 
958 |a EUIPO 
958 |a article27 
992 |a RZB 
999 |c 3011194  |d 3013124